Countries that Bordered Yugoslavia - Map Quiz - Statistics

General Stats
  • This quiz has been taken 1,012 times
    908 since last reset
  • The average score is 7 of 7
Answers on the Map
Answers color-coded by a green-red scale on the quiz's map according to % correct below.
 
Answer Stats
Answer % Correct
Albania
95%
Greece
94%
Austria
93%
Hungary
93%
Italy
93%
Bulgaria
92%
Romania
92%
No matching quizzes found
Score Distribution
Percent of People with Each Score
Percentile by Number Answered
Your Score History
You have not taken this quiz since the last reset